000 00660nam a2200241 i 4500
001 C2-0270150
003 PPAK
005 20180728000607.0
008 060809s2005 xx |||| ||||| | eng d
020 _a9833364047
040 _aPPAK
_beng
_cPPAK
_erda
082 0 4 _a332.024
_223
090 0 0 _a332.024
_bAZI
_dG
100 0 _aAzizi Ali,
_eauthor
245 1 4 _aThe millionaire in me
264 1 _a[place of publication not identified] :
_bTrue Wealth. ,
_c2005
300 _axviii, 190 pages ;
_c21 cm
336 _2rdacontent
_atext
337 _2rdamedia
_aunmediated
338 _2rdacarrier
_avolume
650 1 0 _aFinance, personal.
942 _ddc
_cB
999 _c78705
_d78705